000 00222nam a2200097Ia 4500
005 20251222114400.0
008 251222s1900||||xx |||||||||||||| ||spa||
082 _aDVD0092/C85/2010
245 0 _aLa Ășltima Cima :
942 _cDVD
999 _c1613
_d1613